00330nam a2200133Ia 4500008004100000100001900041245005000060250001200110260002500122300000900147650001600156942000700172999001700179190216s9999||||xx |||||||||||||| ||und|| aMordkovich A G 0aAlgebra And Elements Of Mathematical Analysis a1st Ed. bMir Publishersc1989 a463p aMathematics cBK c31036d31036